[Event "North Austria-ch Seniors 65"]
[Site "Spitz am Donau"]
[Date "2018.10.08"]
[Round "2.12"]
[White "Prammer, Franz"]
[Black "Steinberger, Karl"]
[Result "1-0"]
[WhiteElo "1817"]
[BlackElo "1503"]
[PlyCount "50"]
[EventDate "2018.10.07"]
[EventType "swiss"]
[EventRounds "7"]
[EventCountry "AUT"]
[SourceTitle "EXT 2024"]
[Source "ChessBase"]
[SourceDate "2023.10.10"]
[SourceVersion "1"]
[SourceVersionDate "2023.10.10"]
[SourceQuality "1"]

1. e4 c5 2. d3 d6 3. g3 g6 4. Bg2 Bg7 5. c3 Nc6 6. f4 e6 7. Nf3 Nge7 8. 0-0 Qb6 9. h3 0-0 10. Qe2 a6 11. Be3 Qc7 12. Bf2 b6 13. Nbd2 Rb8 14. Rac1 Bb7 15. d4 Qd7 16. Rfd1 cxd4 17. cxd4 d5 18. Ne5 Nxe5 19. dxe5 Qd8 20. Nc4 Ba8 21. Nd6 b5 22. Ba7 Qa5 23. Bxb8 Rxb8 24. b3 dxe4 25. Nxe4 Nd5 1-0